Southville International School and Colleges
Your cart is empty.
  • Cart
  • Lists
    Public lists Eva Luna New books Lux_list list_1
    Your lists Log in to create your own lists
  • Log in to your account
  • Your cookies
  • Search history
Southville International School and Colleges
  • Advanced search
  • Recent comments
  • Most popular
  • Libraries

Log in to your account

Log in with GOOGLE


If you do not have an external account, but do have a local account, you can still log in:

  1. Home
  2. MARC view: Worse than free :
Normal view MARC view ISBD view

Worse than free : (Record no. 18175)

[ view plain ]
MARC details
000 -LEADER
fixed length control field 00592nam a22002177a 4500
003 - CONTROL NUMBER IDENTIFIER
control field OSt
005 - DATE AND TIME OF LATEST TRANSACTION
control field 20140310183006.0
008 - FIXED-LENGTH DATA ELEMENTS--GENERAL INFORMATION
fixed length control field 130211t xxu||||| |||| 00| 0 eng d
020 ## - INTERNATIONAL STANDARD BOOK NUMBER
International Standard Book Number 9712717216
050 ## - LIBRARY OF CONGRESS CALL NUMBER
Classification number PN 4756
Item number .Sa59 2005
082 ## - DEWEY DECIMAL CLASSIFICATION NUMBER
Classification number PN4756
Item number .Sa59 2005
100 ## - MAIN ENTRY--PERSONAL NAME
Personal name Santos, Vergel O.
245 ## - TITLE STATEMENT
Title Worse than free :
Remainder of title essays on journalism ethics and other media issues /
Statement of responsibility, etc Vergel O. Santos.
260 ## - PUBLICATION, DISTRIBUTION, ETC. (IMPRINT)
Place of publication, distribution, etc Pasig City :
Name of publisher, distributor, etc Anvil,
Date of publication, distribution, etc 2005.
300 ## - PHYSICAL DESCRIPTION
Extent 381 p. :
Dimensions 23 cm.
521 ## - TARGET AUDIENCE NOTE
Target audience note
562 ## - COPY AND VERSION IDENTIFICATION NOTE
Number of copies 1
650 ## - SUBJECT ADDED ENTRY--TOPICAL TERM
Topical term or geographic name as entry element Journalism
942 ## - ADDED ENTRY ELEMENTS (KOHA)
Source of classification or shelving scheme Library of Congress Classification
Koha item type Books
Call number prefix Foreign
Holdings
Withdrawn status Lost status Source of classification or shelving scheme Damaged status Home library Current library Shelving location Date acquired Source of acquisition Cost, normal purchase price Total Checkouts Full call number Barcode Date last seen Copy number Price effective from Koha item type
    Library of Congress Classification   College Library College Library Filipiniana Section 11/14/2012 Library Fund 495.00   PN 4756 .Sa256 2005 C15043 05/08/2018 1 10/18/2013 Books
    Library of Congress Classification   College Library College Library Filipiniana Section 02/11/2013 Library Fund     PN 4756 .Sa59 2005 C16227 05/08/2018 1 02/11/2013 Books

Worse than free :

APA

Santos V. O., . (2005). Worse than free. Pasig City: Anvil.

Chicago

Santos Vergel O, . 2005. Worse than free. Pasig City: Anvil.

Harvard

Santos V. O., . (2005). Worse than free. Pasig City: Anvil.

MLA

Santos Vergel O, . Worse than free. Pasig City: Anvil. 2005.

  • Place hold
  • Print
  • Cite
  • Add to your cart (remove)
  • Save record
    BIBTEX Dublin Core MARCXML MARC (non-Unicode/MARC-8) MARC (Unicode/UTF-8) MARC (Unicode/UTF-8, Standard) MODS (XML) RIS
  • More searches
    Search for this title in:
    Other Libraries (WorldCat) Other Databases (Google Scholar) Online Stores (Bookfinder.com) Open Library (openlibrary.org)

Exporting to Dublin Core...

SOUTHVILLE LIBRARY

Southville International School and Colleges Library

1281 Tropical Ave. Cor. Luxembourg St., BF Homes International, Las Pinas City

Tel. No. 8256374 / 252358 Loc. 117/146

Powered by Koha